Asphalt pavement engineering (Record no. 84389)
[ view plain ]
| 000 -LEADER | |
|---|---|
| fixed length control field | 01380nam a2200205 a 4500 |
| 008 - FIXED-LENGTH DATA ELEMENTS--GENERAL INFORMATION | |
| fixed length control field | 120416s1967 xx |||||||||||||| || u |
| 050 ## - LIBRARY OF CONGRESS CALL NUMBER | |
| Classification number | TE 270 Wal |
| 100 ## - MAIN ENTRY--PERSONAL NAME | |
| Personal name | Wallace, Hugh A |
| 245 10 - TITLE STATEMENT | |
| Title | Asphalt pavement engineering |
| 260 ## - PUBLICATION, DISTRIBUTION, ETC. | |
| Date of publication, distribution, etc. | 1967 |
| 350 ## - | |
| -- | 0.00 |
| 500 ## - GENERAL NOTE | |
| General note | 22 copies in SBE LIBRARY |
| 995 ## - | |
| -- | TEXTBOOKS (SBE) |
| -- | 0.00 |
| -- | 5455 |
| -- | CBU-SCHOOL TEXTBOOK COLLECTIONS |
| -- | 1 |
| -- | 0.00 |
| -- | SCHOOL TEXTBOOK |
| -- | 4 |
| -- | AVAILABLE |
| -- | Sep 9, 2009 |
| -- | 5455 |
| -- | School Collections |
| 995 ## - | |
| -- | TEXTBOOKS (SBE) |
| -- | 0.00 |
| -- | 5456 |
| -- | CBU-SCHOOL TEXTBOOK COLLECTIONS |
| -- | 1 |
| -- | 0.00 |
| -- | SCHOOL TEXTBOOK |
| -- | 5 |
| -- | AVAILABLE |
| -- | Sep 9, 2009 |
| -- | 5456 |
| -- | School Collections |
| 995 ## - | |
| -- | TEXTBOOKS (SBE) |
| -- | 0.00 |
| -- | 5454 |
| -- | CBU-SCHOOL TEXTBOOK COLLECTIONS |
| -- | 1 |
| -- | 0.00 |
| -- | SCHOOL TEXTBOOK |
| -- | 3 |
| -- | AVAILABLE |
| -- | Sep 9, 2009 |
| -- | 5454 |
| -- | School Collections |
| 995 ## - | |
| -- | TEXTBOOKS (SBE) |
| -- | 0.00 |
| -- | 5457 |
| -- | CBU-SCHOOL TEXTBOOK COLLECTIONS |
| -- | 1 |
| -- | 0.00 |
| -- | SCHOOL TEXTBOOK |
| -- | 6 |
| -- | AVAILABLE |
| -- | Sep 9, 2009 |
| -- | 5457 |
| -- | School Collections |
| 995 ## - | |
| -- | BINDERY (DAMAGED) |
| -- | 0.00 |
| -- | 715169 |
| -- | CBU-MAIN LIBRARY (Kitwe) |
| -- | 1 |
| -- | 39.50 |
| -- | TE 270 Wal |
| -- | DAMAGED |
| -- | 014939 |
| -- | Main Library Open Access Collection |
| 995 ## - | |
| -- | TEXTBOOKS (SBE) |
| -- | 0.00 |
| -- | 5458 |
| -- | CBU-SCHOOL TEXTBOOK COLLECTIONS |
| -- | 1 |
| -- | 0.00 |
| -- | SCHOOL TEXTBOOK |
| -- | 7 |
| -- | AVAILABLE |
| -- | Sep 9, 2009 |
| -- | 5458 |
| -- | School Collections |
| 995 ## - | |
| -- | BINDERY (DAMAGED) |
| -- | 0.00 |
| -- | 715170 |
| -- | CBU-MAIN LIBRARY (Kitwe) |
| -- | 2 |
| -- | 39.50 |
| -- | TE 270 Wal |
| -- | DAMAGED |
| -- | 014938 |
| -- | Main Library Open Access Collection |
| 999 ## - | |
| -- | 84389 |
| -- | 84389 |
| Withdrawn status | Lost status | Source of classification or shelving scheme | Damaged status | Not for loan | Permanent Location | Current Location | Shelving location | Date acquired | Total Checkouts | Full call number | Barcode | Date last seen | Copy number | Price effective from | Koha item type |
|---|---|---|---|---|---|---|---|---|---|---|---|---|---|---|---|
| CBU-MAIN LIBRARY, KITWE. | CBU-MAIN LIBRARY, KITWE. | 01/25/2024 | TE 270 Wal | 014939 | 01/25/2024 | 5 | 01/25/2024 | MONOGRAPH | |||||||
| CBU-MAIN LIBRARY, KITWE. | CBU-MAIN LIBRARY, KITWE. | 01/25/2024 | TE 270 Wal | 014938 | 01/25/2024 | 7 | 01/25/2024 | MONOGRAPH | |||||||
| CBU-SCHOOL TEXT BOOK COLLECTION | CBU-SCHOOL TEXT BOOK COLLECTION | 01/25/2024 | SCHOOL TEXTBOOK | 5455 | 01/25/2024 | 1 | 01/25/2024 | MONOGRAPH | |||||||
| CBU-SCHOOL TEXT BOOK COLLECTION | CBU-SCHOOL TEXT BOOK COLLECTION | 01/25/2024 | SCHOOL TEXTBOOK | 5456 | 01/25/2024 | 2 | 01/25/2024 | MONOGRAPH | |||||||
| CBU-SCHOOL TEXT BOOK COLLECTION | CBU-SCHOOL TEXT BOOK COLLECTION | 01/25/2024 | SCHOOL TEXTBOOK | 5454 | 01/25/2024 | 3 | 01/25/2024 | MONOGRAPH | |||||||
| CBU-SCHOOL TEXT BOOK COLLECTION | CBU-SCHOOL TEXT BOOK COLLECTION | 01/25/2024 | SCHOOL TEXTBOOK | 5457 | 01/25/2024 | 4 | 01/25/2024 | MONOGRAPH | |||||||
| CBU-SCHOOL TEXT BOOK COLLECTION | CBU-SCHOOL TEXT BOOK COLLECTION | 01/25/2024 | SCHOOL TEXTBOOK | 5458 | 01/25/2024 | 6 | 01/25/2024 | MONOGRAPH |